Farm real-estate credit : (Record no. 12155)

MARC details
000 -LEADER
fixed length control field 00986cam a22002771a 4500
001 - CONTROL NUMBER
control field agr67000046
003 - CONTROL NUMBER IDENTIFIER
control field DLC
005 - DATE AND TIME OF LATEST TRANSACTION
control field 20260227111025.0
008 - FIXED-LENGTH DATA ELEMENTS--GENERAL INFORMATION
fixed length control field 870126s1966 dcua b f000 0 eng
010 ## - LIBRARY OF CONGRESS CONTROL NUMBER
LC control number agr67000046
035 ## - SYSTEM CONTROL NUMBER
System control number (OCoLC)15113548
040 ## - CATALOGING SOURCE
Original cataloging agency DLC
Transcribing agency IU
Modifying agency DNAL
-- OrPS
-- DLC
042 ## - AUTHENTICATION CODE
Authentication code premarc
043 ## - GEOGRAPHIC AREA CODE
Geographic area code n-us---
050 00 - LIBRARY OF CONGRESS CALL NUMBER
Classification number HD1751
Item number .A91854 no. 104
070 0# - NATIONAL AGRICULTURAL LIBRARY CALL NUMBER
Classification number A281.9
Item number Ag8A no.104
072 0# - SUBJECT CATEGORY CODE
Subject category code E200
-- E100
100 1# - MAIN ENTRY--PERSONAL NAME
Personal name Allen, Philip T.,
Dates associated with a name 1917-
245 10 - TITLE STATEMENT
Title Farm real-estate credit :
Remainder of title an analysis of borrowers and lenders, a report based on the debt portion of the 1960 Census sample survey of agriculture /
Statement of responsibility, etc. [by Philip T. Allen].
260 ## - PUBLICATION, DISTRIBUTION, ETC.
Place of publication, distribution, etc. Washington :
Name of publisher, distributor, etc. U.S. Dept. of Agriculture, Economic Research Service,
Date of publication, distribution, etc. 1966.
300 ## - PHYSICAL DESCRIPTION
Extent iv, 40 p. :
Other physical details ill. ;
Dimensions 26 cm.
440 #0 - SERIES STATEMENT/ADDED ENTRY--TITLE
Title Agricultural economic report ;
Volume/sequential designation no. 104
500 ## - GENERAL NOTE
General note Cover title.
504 ## - BIBLIOGRAPHY, ETC. NOTE
Bibliography, etc. note Includes bibliographical references.
650 #0 - SUBJECT ADDED ENTRY--TOPICAL TERM
Topical term or geographic name entry element Agricultural credit
Geographic subdivision United States.

No items available.

Powered by Koha